LEADER 00703nam a2200181 i 4500 001 000000146486 003 CaOOAMICUS 005 20060104000000.0 008 060104s1913 it u000 u ita u 013 $a123167 040 $aSeMil$bita 245 10$aDall'anno 1000 al 1400. 300 $a443 p., [53] c. di tav. :$bill. 773 0 $aRomussi, Carlo <1847-1913>$tMilano ne' suoi monumenti.$bTerza edizione rinnovata e completata.$dMilano : Sonzogno, 1912-1913.$gVolume2$w()15134 850 $aSeMil 852 $aSeMil$W1$xVenegono$y1$m5W VII 7$j99146$B99146$CSeMilBibl$Z2$F107521 $8I 961 $aRecupero: Biblioteca Seminario Saronno 996 $6245$aDall'anno 1000 al 1400$9(OLS)http://semarc/title/214208 LEADER 01160nam a2200265 i 4500 001 000000234438 003 CaOOAMICUS 005 20141014000000.0 008 141014s2011 it u000 u ita u 013 $a213341 040 $aSeMil$bita 245 13$aIl palazzo reale di Milano :$btra passato e presente /$ca cura di Giovanna D'Amia, Lucia Tenconi. 260 $aViterbo :$bBetaGamma,$c2011. 300 $a111 p. :$bill. ;$c24 cm. 490 0 $aAnelli ;$v2 500 $aIn testa al frontespizio: Centro documentazione Residenze Reali Lombarde "Lionello Costanza Fattori". 650 4$aMilano - Palazzo Reale - Storia.$0(OLS)http://semarc/subject/31482 700 1 $aTenconi, Lucia.$0(OLS)http://semarc/name/80373 700 1 $aD'Amia, Giovanna.$0(OLS)http://semarc/name/78850 830 0$aAnelli ;$v2.$0(OLS)http://semarc/title/41788 850 $aSeMil 852 $aSeMil$W1$xVenegono$y1$m5W VII 85$j184784$B184784$CSeMilBibl$Z2$F196691 $81 961 $aOmaggio: Altro 996 $6245$aIl palazzo reale di Milano :$btra passato e presente$9(OLS)http://semarc/title/334589 996 $6260$aViterbo :$bBetaGamma$9(OLS)http://semarc/publisher/38628